<?xml version="1.0" encoding="UTF-8"?>
<record
    xmlns:xsi="http://www.w3.org/2001/XMLSchema-instance"
    xsi:schemaLocation="http://www.loc.gov/MARC21/slim http://www.loc.gov/standards/marcxml/schema/MARC21slim.xsd"
    xmlns="http://www.loc.gov/MARC21/slim">

  <leader>02202nam a2200349 a 4500</leader>
  <controlfield tag="005">20200104041615.0</controlfield>
  <controlfield tag="008">131126b2007    ck ||||| |||| 00| 0 spa d</controlfield>
  <datafield tag="040" ind1=" " ind2=" ">
    <subfield code="a">CO-BoIAVH</subfield>
    <subfield code="c">CO-BoIAVH</subfield>
  </datafield>
  <datafield tag="041" ind1=" " ind2=" ">
    <subfield code="a">spa</subfield>
  </datafield>
  <datafield tag="044" ind1=" " ind2=" ">
    <subfield code="a">ck</subfield>
  </datafield>
  <datafield tag="090" ind1=" " ind2=" ">
    <subfield code="a">IAVH</subfield>
    <subfield code="b">01379</subfield>
  </datafield>
  <datafield tag="100" ind1=" " ind2=" ">
    <subfield code="a">Arango, Natalia</subfield>
    <subfield code="9">352</subfield>
  </datafield>
  <datafield tag="245" ind1=" " ind2=" ">
    <subfield code="a">Evaluaci&#xF3;n de conservaci&#xF3;n del departamento del Valle del Cauca, basada en principios de planeaci&#xF3;n sistem&#xE1;tica de la conservaci&#xF3;n</subfield>
    <subfield code="b">Informe final de resultados</subfield>
  </datafield>
  <datafield tag="260" ind1=" " ind2=" ">
    <subfield code="a">Bogot&#xE1;</subfield>
    <subfield code="b">Instituto  de Investigaci&#xF3;n de Recursos Biol&#xF3;gicos Alexander von Humboldt</subfield>
    <subfield code="b">Colciencias</subfield>
    <subfield code="c">2007</subfield>
  </datafield>
  <datafield tag="300" ind1=" " ind2=" ">
    <subfield code="a">664 p.</subfield>
    <subfield code="b">il.mapas</subfield>
    <subfield code="c">28 cm.</subfield>
  </datafield>
  <datafield tag="500" ind1=" " ind2=" ">
    <subfield code="a">Informe t&#xE9;cnico contrato n&#xBA; 346-2004 </subfield>
  </datafield>
  <datafield tag="505" ind1=" " ind2=" ">
    <subfield code="a">Anexo I. Documento final descriptivo y anal&#xED;tico -- Anexo II. Mapas de ecosistemas actuales (a&#xF1;o 2000) y potenciales del departamento del Valle del Cauca -- Anexo III. Comunicaciones de Asesor&#xED;as de Expertos Internacionales -- Anexo IV. Informaci&#xF3;n ambiental para procesos ecol&#xF3;gicos y modelaci&#xF3;n de distribuci&#xF3;n potencial de especies -- Anexo V. Trabajos de Grado: Estado de conservaci&#xF3;n de las poblaciones de tres Palmas amenazadas del departamento del Valle del Cauca / Alejandro Zuluaga Tr&#xF3;chez ; Designation of supplementary protected areas in the Valle del Cauca, Colombia / Juliane Sander</subfield>
  </datafield>
  <datafield tag="505" ind1=" " ind2=" ">
    <subfield code="a">Contenido CD: Distribuci&#xF3;n y estado de conservaci&#xF3;n de las poblaciones de tres especies de palmas amenazadas del Departamento del Valle del Cauca / Alejandro Zuluaga Tr&#xF3;chez  -- Uso de modelos de predicci&#xF3;n como herramienta para estimar el &#xE1;rea de distribuci&#xF3;n potencial de la especie aniba  perutilis hemsley (comino crespo) en el departamento del Valle del Cauca</subfield>
  </datafield>
  <datafield tag="650" ind1=" " ind2=" ">
    <subfield code="a">Ecosistemas</subfield>
    <subfield code="9">92256</subfield>
  </datafield>
  <datafield tag="650" ind1=" " ind2=" ">
    <subfield code="a">Aves</subfield>
    <subfield code="9">92429</subfield>
  </datafield>
  <datafield tag="650" ind1=" " ind2=" ">
    <subfield code="a">Mam&#xED;feros</subfield>
    <subfield code="9">92510</subfield>
  </datafield>
  <datafield tag="650" ind1=" " ind2=" ">
    <subfield code="a">Conservaci&#xF3;n de biodiversidad</subfield>
    <subfield code="9">345</subfield>
  </datafield>
  <datafield tag="650" ind1=" " ind2=" ">
    <subfield code="a">Plantas amenazadas</subfield>
    <subfield code="9">2960</subfield>
  </datafield>
  <datafield tag="650" ind1=" " ind2=" ">
    <subfield code="a">Mapa de ecosistemas</subfield>
    <subfield code="9">2961</subfield>
  </datafield>
  <datafield tag="650" ind1=" " ind2=" ">
    <subfield code="a">Transformaci&#xF3;n de ecosistemas</subfield>
    <subfield code="9">2962</subfield>
  </datafield>
  <datafield tag="662" ind1=" " ind2=" ">
    <subfield code="a">Colombia</subfield>
    <subfield code="b">Valle del Cauca</subfield>
  </datafield>
  <datafield tag="700" ind1=" " ind2=" ">
    <subfield code="a">Franco, Ana Mar&#xED;a</subfield>
    <subfield code="9">408</subfield>
  </datafield>
  <datafield tag="700" ind1=" " ind2=" ">
    <subfield code="a">Matallana, Clara Luc&#xED;a</subfield>
    <subfield code="9">2963</subfield>
  </datafield>
  <datafield tag="700" ind1=" " ind2=" ">
    <subfield code="a">Polanco, Roc&#xED;o</subfield>
    <subfield code="9">2964</subfield>
  </datafield>
  <datafield tag="700" ind1=" " ind2=" ">
    <subfield code="a">Morales, M&#xF3;nica</subfield>
    <subfield code="9">2695</subfield>
  </datafield>
  <datafield tag="942" ind1=" " ind2=" ">
    <subfield code="c">INFORME</subfield>
    <subfield code="2">z</subfield>
    <subfield code="0">4</subfield>
  </datafield>
  <datafield tag="999" ind1=" " ind2=" ">
    <subfield code="c">7125</subfield>
    <subfield code="d">7125</subfield>
  </datafield>
  <datafield tag="952" ind1=" " ind2=" ">
    <subfield code="0">0</subfield>
    <subfield code="1">0</subfield>
    <subfield code="2">z</subfield>
    <subfield code="4">0</subfield>
    <subfield code="7">0</subfield>
    <subfield code="8">HUMBOLDT</subfield>
    <subfield code="I">INV2017</subfield>
    <subfield code="a">Bogota</subfield>
    <subfield code="b">Bogota</subfield>
    <subfield code="d">2009-10-05</subfield>
    <subfield code="l">2</subfield>
    <subfield code="o">IAVH-01379</subfield>
    <subfield code="p">027517</subfield>
    <subfield code="r">2024-08-09 00:00:00</subfield>
    <subfield code="s">2016-12-14</subfield>
    <subfield code="t">Ej. 1</subfield>
    <subfield code="w">2012-12-04</subfield>
    <subfield code="x">Dep&#xF3;sito Institucional</subfield>
    <subfield code="y">INFORME</subfield>
  </datafield>
  <datafield tag="952" ind1=" " ind2=" ">
    <subfield code="0">0</subfield>
    <subfield code="1">0</subfield>
    <subfield code="2">z</subfield>
    <subfield code="4">0</subfield>
    <subfield code="7">0</subfield>
    <subfield code="8">HUMBOLDT</subfield>
    <subfield code="I">INV2017</subfield>
    <subfield code="a">Bogota</subfield>
    <subfield code="b">Bogota</subfield>
    <subfield code="d">2014-06-26</subfield>
    <subfield code="l">2</subfield>
    <subfield code="o">IAVH-01379</subfield>
    <subfield code="p">059538</subfield>
    <subfield code="r">2024-08-09 00:00:00</subfield>
    <subfield code="s">2016-12-14</subfield>
    <subfield code="t">Anexos bibliogr&#xE1;ficos</subfield>
    <subfield code="w">2014-06-26</subfield>
    <subfield code="x">Dep&#xF3;sito institucional</subfield>
    <subfield code="y">INFORME</subfield>
  </datafield>
  <datafield tag="952" ind1=" " ind2=" ">
    <subfield code="0">0</subfield>
    <subfield code="1">0</subfield>
    <subfield code="2">z</subfield>
    <subfield code="4">0</subfield>
    <subfield code="7">0</subfield>
    <subfield code="8">HUMBOLDT</subfield>
    <subfield code="a">Bogota</subfield>
    <subfield code="b">Bogota</subfield>
    <subfield code="d">2015-02-17</subfield>
    <subfield code="l">0</subfield>
    <subfield code="o">IAVH-01379</subfield>
    <subfield code="p">027536</subfield>
    <subfield code="r">2015-02-17 00:00:00</subfield>
    <subfield code="t">Ej. 1</subfield>
    <subfield code="w">2015-02-17</subfield>
    <subfield code="x">Institucional</subfield>
    <subfield code="y">CD-ROM</subfield>
    <subfield code="z">Anexos</subfield>
  </datafield>
  <datafield tag="952" ind1=" " ind2=" ">
    <subfield code="0">0</subfield>
    <subfield code="1">0</subfield>
    <subfield code="2">z</subfield>
    <subfield code="4">0</subfield>
    <subfield code="7">0</subfield>
    <subfield code="8">HUMBOLDT</subfield>
    <subfield code="a">Bogota</subfield>
    <subfield code="b">Bogota</subfield>
    <subfield code="d">2015-02-17</subfield>
    <subfield code="l">0</subfield>
    <subfield code="o">IAVH-01379</subfield>
    <subfield code="p">027537</subfield>
    <subfield code="r">2015-02-17 00:00:00</subfield>
    <subfield code="t">Ej. 1</subfield>
    <subfield code="w">2015-02-17</subfield>
    <subfield code="x">Institucional</subfield>
    <subfield code="y">CD-ROM</subfield>
  </datafield>
</record>
